Catálogo
 En Linea

Personal narrative of the first voyage of Columbus to America : (Registro nro. 33122)

Detalles MARC
000 -CABECERA
campo de control de longitud fija 00443nam a2200133 a 4500
001 - NÚMERO DE CONTROL
campo de control 000033631
005 - FECHA Y HORA DE LA ÚLTIMA TRANSACCIÓN
campo de control 20200930070411.0
008 - DATOS DE LONGITUD FIJA--INFORMACIÓN GENERAL
campo de control de longitud fija 110902s1827 xxu 000 0 spa d
040 ## - FUENTE DE LA CATALOGACIÓN
Centro catalogador/agencia de origen DO-SdBNP
Lengua de catalogación spa
Centro/agencia transcriptor BNPHU
082 ## - NÚMERO DE LA CLASIFICACIÓN DECIMAL DEWEY
Número de clasificación xxx
245 00 - MENCIÓN DE TÍTULO
Título Personal narrative of the first voyage of Columbus to America :
Resto del título from a manuscript recently discovered in spain.
260 ## - PUBLICACIÓN, DISTRIBUCIÓN, ETC.
Lugar de publicación, distribución, etc. Boston :
Nombre del editor, distribuidor, etc. Published by T.B. Wait and Son,
Fecha de publicación, distribución, etc. 1827.
300 ## - DESCRIPCIÓN FÍSICA
Extensión 303 p. ;
Dimensiones 22 cm.
Existencias
Estado de retiro Estado de pérdida Restricciones de uso No para préstamo Código de colección Localización permanente Ubicación/localización actual Ubicación en estantería Fecha de adquisición Número de inventario Total de préstamos Signatura topográfica completa Código de barras Fecha visto por última vez Precio válido a partir de Tipo de ítem Koha
      Excluido de préstamo Monografías: Libros y Folletos General General En catalogación 02.09.2011 LF1   xxx 33631-10 25.06.2020 25.06.2020 No se presta

Con tecnología Koha